000
00286nam a2200109Ia 4500
008
171211s9999 xx 000 0 und d
245
_a
Art, Myth and Deviance
245
_c
Shlomo Giora Shoham
260
_c
2006
650
_x
ART
856
_u
http://down.ebook777.com/064/1904303889.pdf
999
_c
348531
_d
348531